Statystyki dla Rozpoznasz kraj po kształcie? cz.1

Kliknij tutaj aby rozwiązać quiz!

Ogólne statystyki

  • Ten quiz został rozwiązany 35 razy
  • Średni wynik to 7 z 14

Statystyki odpowiedzi

Odpowiedź% Poprawnych
Chile
97%
Kanada
94%
Cypr
91%
Chorwacja
88%
Chiny
82%
Czechy
70%
Kuba
61%
Czad
58%
Kamerun
21%
Kolumbia
21%
Kostaryka
21%
Republika środkowoafrykańska
15%
Kambodza
12%
Komory
3%

Rozkład punktacji

Percentyl według liczby udzielonych odpowiedzi

Procent ludzi z każdym wynikiem

Twoja historia wyników

Nie rozwiązałeś tego quizu